Piosenki Teamu X 2 - Statystyki

Ogólne statystyki
  • Ten quiz został rozwiązany 1 198 razy
  • Średni wynik to 6 z 11
Statystyki odpowiedzi
Hint Odpowiedź % Poprawnych
1 Siedem
97%
4 Adios
78%
8 Barwy
72%
11 Palmy i Drineczki
65%
5 Polo Gang
62%
10 All in
60%
6 Dla Rodziny
57%
2 Moja Miła
50%
3 Jedna Noc
45%
9 Młody Chłopak
34%
7 Gdybym
29%
Nie znaleziono quizów pasujących do podanych kryteriów
Rozkład punktacji
Procent ludzi z każdym wynikiem
Percentyl według liczby udzielonych odpowiedzi
Twoja historia wyników
Nie rozwiązałeś tego quizu